Record of a space born few (Record no. 4615)

MARC details
000 -LEADER
fixed length control field 00363nam a22001457a 4500
008 - FIXED-LENGTH DATA ELEMENTS--GENERAL INFORMATION
fixed length control field 260311b |||||||| |||| 00| 0 eng d
020 ## - INTERNATIONAL STANDARD BOOK NUMBER
ISBN 9781473647602
100 ## - MAIN ENTRY--AUTHOR
Author Chambers, Becky
245 ## - TITLE STATEMENT
Title Record of a space born few
260 ## - PUBLICATION, DISTRIBUTION, ETC. (IMPRINT)
Place of publication London
Name of publisher Hodder & Stoughton
Date of publication 2018
300 ## - COLLATION
Pagination 359p.
942 ## - ADDED ENTRY ELEMENTS (KOHA)
Item type Books
050 ## - LIBRARY OF CONGRESS CALL NUMBER
Classification number PS3603.H34
Item number .C43

No items available.